<?xml version="1.0" encoding="UTF-8"?>
<record
    xmlns:xsi="http://www.w3.org/2001/XMLSchema-instance"
    xsi:schemaLocation="http://www.loc.gov/MARC21/slim http://www.loc.gov/standards/marcxml/schema/MARC21slim.xsd"
    xmlns="http://www.loc.gov/MARC21/slim">

  <leader>00390    a2200157   4500</leader>
  <datafield tag="999" ind1=" " ind2=" ">
    <subfield code="c">489</subfield>
    <subfield code="d">489</subfield>
  </datafield>
  <controlfield tag="008">191029b           ||||| |||| 00| 0 eng d</controlfield>
  <datafield tag="020" ind1=" " ind2=" ">
    <subfield code="a">9788174466792</subfield>
  </datafield>
  <datafield tag="082" ind1="0" ind2="0">
    <subfield code="a">657</subfield>
    <subfield code="b">B5753</subfield>
  </datafield>
  <datafield tag="100" ind1=" " ind2=" ">
    <subfield code="a">Bhardwaj, R. S.</subfield>
  </datafield>
  <datafield tag="245" ind1=" " ind2=" ">
    <subfield code="a">Business statistics</subfield>
  </datafield>
  <datafield tag="250" ind1=" " ind2=" ">
    <subfield code="a">2nd ed.</subfield>
  </datafield>
  <datafield tag="260" ind1=" " ind2=" ">
    <subfield code="b">Excel Books</subfield>
    <subfield code="c">2008</subfield>
    <subfield code="a">New Delhi</subfield>
  </datafield>
  <datafield tag="300" ind1=" " ind2=" ">
    <subfield code="a">773p.</subfield>
  </datafield>
  <datafield tag="650" ind1=" " ind2="0">
    <subfield code="a">Statistics</subfield>
  </datafield>
  <datafield tag="942" ind1=" " ind2=" ">
    <subfield code="2">ddc</subfield>
    <subfield code="c">BK</subfield>
  </datafield>
  <datafield tag="952" ind1=" " ind2=" ">
    <subfield code="0">0</subfield>
    <subfield code="1">0</subfield>
    <subfield code="2">ddc</subfield>
    <subfield code="4">0</subfield>
    <subfield code="6">657_000000000000000_B5753</subfield>
    <subfield code="7">0</subfield>
    <subfield code="9">1996</subfield>
    <subfield code="a">CL</subfield>
    <subfield code="b">CL</subfield>
    <subfield code="d">2019-10-14</subfield>
    <subfield code="e">Excel Books</subfield>
    <subfield code="g">370.01</subfield>
    <subfield code="l">1</subfield>
    <subfield code="o">657 B5753</subfield>
    <subfield code="p">12361</subfield>
    <subfield code="r">2023-12-27</subfield>
    <subfield code="s">2023-12-13</subfield>
    <subfield code="v">495.00</subfield>
    <subfield code="y">BK</subfield>
  </datafield>
  <datafield tag="952" ind1=" " ind2=" ">
    <subfield code="0">0</subfield>
    <subfield code="1">0</subfield>
    <subfield code="2">ddc</subfield>
    <subfield code="4">0</subfield>
    <subfield code="6">657_000000000000000_B5753</subfield>
    <subfield code="7">0</subfield>
    <subfield code="9">1997</subfield>
    <subfield code="a">CL</subfield>
    <subfield code="b">CL</subfield>
    <subfield code="d">2019-10-14</subfield>
    <subfield code="e">Excel Books</subfield>
    <subfield code="g">370.01</subfield>
    <subfield code="o">657 B5753</subfield>
    <subfield code="p">12362</subfield>
    <subfield code="r">2019-10-14</subfield>
    <subfield code="v">495.00</subfield>
    <subfield code="y">BK</subfield>
  </datafield>
  <datafield tag="952" ind1=" " ind2=" ">
    <subfield code="0">0</subfield>
    <subfield code="1">0</subfield>
    <subfield code="2">ddc</subfield>
    <subfield code="4">0</subfield>
    <subfield code="6">657_000000000000000_B5753</subfield>
    <subfield code="7">0</subfield>
    <subfield code="9">1998</subfield>
    <subfield code="a">CL</subfield>
    <subfield code="b">CL</subfield>
    <subfield code="d">2019-10-14</subfield>
    <subfield code="e">Excel Books</subfield>
    <subfield code="g">370.01</subfield>
    <subfield code="l">1</subfield>
    <subfield code="o">657 B5753</subfield>
    <subfield code="p">12363</subfield>
    <subfield code="r">2023-12-19</subfield>
    <subfield code="s">2023-12-04</subfield>
    <subfield code="v">495.00</subfield>
    <subfield code="y">BK</subfield>
  </datafield>
  <datafield tag="952" ind1=" " ind2=" ">
    <subfield code="0">0</subfield>
    <subfield code="1">0</subfield>
    <subfield code="2">ddc</subfield>
    <subfield code="4">0</subfield>
    <subfield code="6">657_000000000000000_B5753</subfield>
    <subfield code="7">0</subfield>
    <subfield code="9">1999</subfield>
    <subfield code="a">CL</subfield>
    <subfield code="b">CL</subfield>
    <subfield code="d">2019-10-14</subfield>
    <subfield code="e">Excel Books</subfield>
    <subfield code="g">370.01</subfield>
    <subfield code="l">1</subfield>
    <subfield code="o">657 B5753</subfield>
    <subfield code="p">12364</subfield>
    <subfield code="r">2023-12-22</subfield>
    <subfield code="s">2023-11-30</subfield>
    <subfield code="v">495.00</subfield>
    <subfield code="y">BK</subfield>
  </datafield>
  <datafield tag="952" ind1=" " ind2=" ">
    <subfield code="0">0</subfield>
    <subfield code="1">0</subfield>
    <subfield code="2">ddc</subfield>
    <subfield code="4">0</subfield>
    <subfield code="6">657_000000000000000_B5753</subfield>
    <subfield code="7">0</subfield>
    <subfield code="9">2650</subfield>
    <subfield code="a">CL</subfield>
    <subfield code="b">CL</subfield>
    <subfield code="d">2019-10-29</subfield>
    <subfield code="e">Excel Books</subfield>
    <subfield code="g">370.01</subfield>
    <subfield code="o">657 B5753</subfield>
    <subfield code="p">12365</subfield>
    <subfield code="r">2019-10-29</subfield>
    <subfield code="v">495.00</subfield>
    <subfield code="y">BK</subfield>
  </datafield>
</record>
